[Event "4NCL Division 3n"]
[Site "Palace Hotel, Buxton ENG"]
[Date "2015.02.15"]
[Round "6.192"]
[White "Lyth, John.D"]
[Black "McCarthy, Damian"]
[Result "1/2-1/2"]
[WhiteElo "2017"]
[BlackElo "1813"]
[PlyCount "50"]
[EventDate "2015.02.15"]
[WhiteTeam "Manchester Manticores 2"]
[BlackTeam "Bradford DCA Knights B"]

1. d4 f5 2. Nf3 e6 3. g3 Nf6 4. Bg2 d5 5. O-O Bd6 6. c4 c6 7. b3 Qe7 8. Bb2 b6
9. Nc3 O-O 10. e3 Bb7 11. Ne2 a5 12. Nf4 Na6 13. Nd3 Rac8 14. Nfe5 c5 15. Rc1
Nb4 16. a4 Ne4 17. Qe2 Nxd3 18. Nxd3 dxc4 19. bxc4 Qd7 20. Qc2 Ng5 21. f3 Bc6
22. Ra1 Qb7 23. Qe2 Qd7 24. Qc2 Qb7 25. Qe2 Qd7 1/2-1/2

[Event "4NCL Division 3n"]
[Site "Palace Hotel, Buxton ENG"]
[Date "2015.02.15"]
[Round "6.195"]
[White "Patrick, David A"]
[Black "Taylor, Robert.K"]
[Result "1/2-1/2"]
[WhiteElo "1890"]
[BlackElo "1961"]
[PlyCount "88"]
[EventDate "2015.02.15"]
[WhiteTeam "Bradford DCA Knights B"]
[BlackTeam "Manchester Manticores 2"]

1. e4 e5 2. Nf3 d6 3. d4 Nd7 4. Bc4 c6 5. dxe5 dxe5 6. Ng5 Nh6 7. O-O Qc7 8. h3
b5 9. Be2 Bd6 10. a4 Rb8 11. axb5 cxb5 12. Nc3 a6 13. Nd5 Qd8 14. Nf3 Nf6 15.
Bg5 Nhg8 16. Qd3 h6 17. Bxf6 gxf6 18. Rfd1 Bb7 19. Nh4 Bc5 20. Qg3 Kf8 21. Nf5
Rh7 22. Rd3 Ra8 23. Qh4 Bxd5 24. Rxd5 Qb6 25. Rad1 Ne7 26. Nxe7 Bxe7 27. Qh5
Kg8 28. R1d3 Rg7 29. Bg4 Bc5 30. Qf5 Rg5 31. Qf3 Re8 32. h4 Rg7 33. Bh5 b4 34.
Rd7 Bd4 35. c3 bxc3 36. bxc3 Qc6 37. Qf5 Qb5 38. Rd1 Bb6 39. Qxf6 Qb3 40. Qxh6
a5 41. Bxf7+ Rxf7 42. Qg6+ Kf8 43. Qh6+ Kg8 44. Qg6+ Kf8 1/2-1/2

[Event "4NCL Division 3n"]
[Site "Palace Hotel, Buxton ENG"]
[Date "2015.02.15"]
[Round "6.190"]
[White "Hamer, Martyn"]
[Black "Nicholson, Jim WR"]
[Result "1-0"]
[WhiteElo "2026"]
[BlackElo "2032"]
[PlyCount "89"]
[EventDate "2015.02.15"]
[WhiteTeam "Manchester Manticores 2"]
[BlackTeam "Bradford DCA Knights A"]

1. Nf3 d6 2. d4 Bg4 3. e4 Nf6 4. Nc3 e6 5. Bg5 Be7 6. Be2 O-O 7. O-O d5 8. e5
Nfd7 9. Bxe7 Qxe7 10. Ne1 Bxe2 11. Nxe2 c5 12. c3 Nc6 13. Qd2 f6 14. exf6 Rxf6
15. Nf3 Raf8 16. Ng3 Rh6 17. Rfe1 Rxf3 18. gxf3 Qh4 19. Rad1 cxd4 20. cxd4 Nf6
21. Kf1 Nh5 22. Nxh5 Qxh5 23. Qf4 Qh3+ 24. Ke2 e5 25. dxe5 Rh4 26. Qg3 Nd4+ 27.
Rxd4 Qxg3 28. fxg3 Rxd4 29. Rd1 Rb4 30. b3 Kf7 31. Rxd5 Ke6 32. Rc5 Kd7 33. Rc4
Rb6 34. Ke3 Re6 35. Ke4 Rh6 36. Rc2 Rb6 37. f4 g6 38. g4 Rb4+ 39. Rc4 Rb6 40.
f5 gxf5+ 41. gxf5 Rh6 42. Rc2 Rh4+ 43. Kd5 Rh3 44. e6+ Ke7 45. Rc7+ 1-0

[Event "4NCL Division 3n"]
[Site "Palace Hotel, Buxton ENG"]
[Date "2015.02.15"]
[Round "6.196"]
[White "Burns, Martin"]
[Black "Somerset, William"]
[Result "0-1"]
[WhiteElo "1878"]
[BlackElo "1979"]
[PlyCount "115"]
[EventDate "2015.02.15"]
[WhiteTeam "Manchester Manticores 2"]
[BlackTeam "Bradford DCA Knights A"]

1. e4 c5 2. Nc3 Nc6 3. f4 g6 4. Nf3 Bg7 5. Bb5 Nd4 6. Bd3 d6 7. O-O Bg4 8. Be2
Nxe2+ 9. Qxe2 e6 10. Qb5+ Qd7 11. Qxd7+ Kxd7 12. Ng5 Nh6 13. h3 Bd4+ 14. Kh2 f6
15. Nf3 Bxf3 16. Rxf3 f5 17. d3 Bxc3 18. bxc3 d5 19. e5 Nf7 20. Bb2 c4 21. Rb1
Rhc8 22. Ba3 Rab8 23. d4 Rc6 24. Bc5 Ra6 25. a3 b6 26. Re3 Re8 27. g4 Kc6 28.
Bb4 Nh6 29. Rg1 Ra4 30. Bd6 a5 31. Reg3 Nf7 32. gxf5 exf5 33. h4 Nxd6 34. exd6
Rxa3 35. Kh3 Re2 36. h5 gxh5 37. Kh4 Rh2+ 38. Kg5 h4 39. Re3 Kxd6 40. Kxf5 Kc6
41. Rb1 Rxc2 42. Re6+ Kc7 43. Rbxb6 Rb3 44. Ra6 h3 45. Ra7+ Kb8 46. Rxh7 Rb7
47. Rxh3 Rf7+ 48. Ke5 Rd7 49. Rd6 Rc7 50. Kxd5 a4 51. Ra6 Ra2 52. Rhh6 a3 53.
Rh8+ Kb7 54. Rha8 Rf2 55. Rxa3 Rxf4 56. R8a7+ Kb8 57. Rxc7 Kxc7 58. Kxc4 0-1

[Event "4NCL Division 3s"]
[Site "Daventry Court ENG"]
[Date "2014.11.15"]
[Round "1.55"]
[White "Byway, Paul V"]
[Black "Green, Michael"]
[Result "1-0"]
[WhiteElo "2135"]
[BlackElo "1872"]
[PlyCount "51"]
[EventDate "2014.11.15"]

1. Nf3 g6 2. d4 Nf6 3. c4 Bg7 4. Nc3 O-O 5. e3 d6 6. Be2 Bg4 7. O-O c6 8. b4
Nbd7 9. Bb2 e5 10. b5 e4 11. Nd2 Bxe2 12. Qxe2 Re8 13. Nb3 d5 14. bxc6 bxc6 15.
Rfc1 Nb6 16. Na5 Qd7 17. Ba3 Rab8 18. h3 Bf8 19. Bxf8 Kxf8 20. Rab1 Rec8 21. c5
Na8 22. Qa6 Nc7 23. Qxc6 a6 24. Qxf6 Nb5 25. Qh8+ Ke7 26. Qe5+ 1-0

[Event "4NCL Division 3s"]
[Site "Daventry Court ENG"]
[Date "2014.11.15"]
[Round "1.56"]
[White "Bansal, Rohan"]
[Black "Goodger, Martyn"]
[Result "0-1"]
[WhiteElo "1859"]
[BlackElo "2104"]
[PlyCount "114"]
[EventDate "2014.11.15"]

1. e4 d5 2. exd5 Qxd5 3. Nc3 Qd6 4. Nf3 Nf6 5. Bc4 a6 6. a4 Nc6 7. h3 Bf5 8. d3
e6 9. Be3 h6 10. Qd2 g5 11. O-O-O Bg7 12. Rde1 Qb4 13. Nd4 Nxd4 14. Bxd4 O-O
15. Qe3 b6 16. g4 Bg6 17. f4 c5 18. Be5 b5 19. Bb3 c4 20. fxg5 hxg5 21. Qxg5
cxb3 22. Bxf6 bxc2 23. Ref1 bxa4 24. Bxg7 Kxg7 25. Na2 Qb3 26. Qe5+ Kg8 27. Nc3
a3 28. bxa3 Qxa3+ 29. Kd2 Rfd8 30. Rf3 Rac8 31. h4 Rc5 32. h5 Qxc3+ 33. Qxc3
Rxc3 34. hxg6 c1=Q+ 35. Rxc1 Rxc1 36. gxf7+ Kf8 37. Rf6 Rc6 38. g5 a5 39. Ke3
Ke7 40. Rf2 Rc5 41. g6 Rg5 42. Rh2 Ra8 43. Kf4 Rxg6 44. Ke5 Rg5+ 45. Kf4 Rf5+
46. Ke4 Rxf7 47. Ke5 a4 48. Rc2 Rf5+ 49. Ke4 a3 50. Ra2 Ra4+ 51. Ke3 Rh5 52.
Kf3 Rh3+ 53. Kg2 Rxd3 54. Kf2 Rb3 55. Ke1 Rb1+ 56. Kd2 Rb2+ 57. Rxb2 axb2 0-1

[Event "4NCL Division 3s"]
[Site "Daventry Court ENG"]
[Date "2014.11.15"]
[Round "1.57"]
[White "Hutchinson, Norman A"]
[Black "Hand, Freddie"]
[Result "1/2-1/2"]
[WhiteElo "2077"]
[BlackElo "1834"]
[PlyCount "82"]
[EventDate "2014.11.15"]

1. e4 e5 2. Nf3 Nf6 3. Nxe5 d6 4. Nf3 Nxe4 5. Nc3 Nxc3 6. dxc3 Be7 7. Bf4 O-O
8. Qd2 Nd7 9. O-O-O Nc5 10. h4 Bf6 11. Be3 b6 12. Nd4 Bb7 13. f3 Re8 14. Bb5
Rf8 15. Bg5 a6 16. Bc6 Bxc6 17. Nxc6 Qd7 18. Bxf6 Qxc6 19. Bxg7 Kxg7 20. Qg5+
Kh8 21. Qf6+ Kg8 22. Rh3 Rfe8 23. Rg3+ Kf8 24. Rg7 Re7 25. b4 Ne6 26. Re1 Nxg7
27. Rxe7 Qd5 28. Rxc7 Qe6 29. Qd4 b5 30. Rc6 Rd8 31. Qb6 Ke7 32. Qxa6 Rd7 33.
Qxb5 Nf5 34. Rc4 d5 35. Rg4 Ne3 36. Qc5+ Rd6 37. Rg8 Nc4 38. Qa7+ Kf6 39. Qd4+
Ke7 40. Qa7+ Kf6 41. Qd4+ Ke7 1/2-1/2

[Event "4NCL Division 3s"]
[Site "Daventry Court ENG"]
[Date "2014.11.15"]
[Round "1.58"]
[White "Smith, Patrick"]
[Black "Rosen, Daniel B"]
[Result "1/2-1/2"]
[WhiteElo "1820"]
[BlackElo "2076"]
[PlyCount "61"]
[EventDate "2014.11.15"]

1. e4 d6 2. d4 g6 3. Nc3 Bg7 4. Nf3 Nf6 5. Bg5 Bg4 6. Be2 Nc6 7. Qd2 h6 8. Be3
e5 9. d5 Bxf3 10. Bxf3 Ne7 11. O-O-O Nd7 12. g4 a6 13. h4 b5 14. g5 h5 15. Bg2
Nc8 16. Bh3 Ncb6 17. Bxd7+ Nxd7 18. f4 exf4 19. Bd4 Ne5 20. Qxf4 Qd7 21. Rhg1
O-O 22. Ne2 c5 23. Bxe5 Bxe5 24. Qf3 Rae8 25. Nf4 Bxf4+ 26. Qxf4 Re5 27. Rde1
Rfe8 28. Rgf1 R8e7 29. Re3 Qe8 30. Rfe1 Qd8 31. Qf6 1/2-1/2

[Event "4NCL Division 3s"]
[Site "Daventry Court ENG"]
[Date "2014.11.15"]
[Round "1.59"]
[White "McCorry, Robert T"]
[Black "Anilkumar(Jnr), Anantha P"]
[Result "1-0"]
[WhiteElo "2051"]
[BlackElo "1727"]
[PlyCount "57"]
[EventDate "2014.11.15"]

1. Nf3 Nf6 2. c4 g6 3. d4 Bg7 4. g3 O-O 5. Bg2 d5 6. cxd5 Nxd5 7. O-O Bg4 8. h3
Bxf3 9. Bxf3 c6 10. Nc3 Nxc3 11. bxc3 Nd7 12. Rb1 Qc7 13. Ba3 Rfe8 14. Qb3 Rab8
15. Rfd1 b6 16. Qa4 b5 17. Qc2 c5 18. dxc5 Ne5 19. Bg2 Nc4 20. Qb3 Rec8 21. c6
Na5 22. Qd5 Qxc6 23. Bxe7 Bxc3 24. Qd3 Qc4 25. Bd5 Qxd3 26. Rxd3 b4 27. Rf3 Rf8
28. Bxf8 Rxf8 29. a3 1-0

[Event "4NCL Division 3s"]
[Site "Daventry Court ENG"]
[Date "2014.11.15"]
[Round "1.60"]
[White "Mao, Ximan"]
[Black "Bailey, Kevin J"]
[Result "0-1"]
[WhiteElo "1768"]
[BlackElo "2024"]
[PlyCount "124"]
[EventDate "2014.11.15"]

1. d4 Nf6 2. c4 e6 3. Nc3 d5 4. cxd5 exd5 5. Bg5 Be7 6. e3 c6 7. Bd3 Nbd7 8.
Nge2 O-O 9. O-O Re8 10. Rc1 Nf8 11. h3 Ng6 12. Nf4 Nxf4 13. Bxf4 Be6 14. a3 Bd6
15. Bxd6 Qxd6 16. Na4 Nd7 17. Nc5 Nxc5 18. Rxc5 b6 19. Rc3 Bd7 20. Qc2 g6 21.
Rc1 b5 22. Rc5 f5 23. Qd2 a5 24. b3 Qf6 25. Be2 Re7 26. Bf3 g5 27. Rxd5 Ra6 28.
Rdc5 g4 29. hxg4 fxg4 30. Be2 Rf7 31. Bd3 Ra8 32. Be4 Raf8 33. Bxc6 Bxc6 34.
Rxc6 Qh4 35. Rc8 Rxf2 36. Rxf8+ Rxf8 37. Rf1 g3 38. Rxf8+ Kxf8 39. Qxa5 Qh2+
40. Kf1 Qh1+ 41. Ke2 Qxg2+ 42. Kd3 Qf1+ 43. Ke4 g2 44. Qd8+ Kf7 45. Qd5+ Kg6
46. Qg8+ Kh6 47. Qe6+ Kg7 48. Qg4+ Kf6 49. Qh4+ Kg7 50. Qg5+ Kf7 51. Qd5+ Kf6
52. Qd8+ Kg6 53. Qg8+ Kh5 54. Qxh7+ Kg4 55. Qg6+ Kh3 56. Qh7+ Kg3 57. Qc7+ Kf2
58. Qf4+ Ke1 59. d5 Qxf4+ 60. Kxf4 g1=Q 61. e4 Qd4 62. Kf5 Ke2 0-1

[Event "4NCL Division 3s"]
[Site "Daventry Court ENG"]
[Date "2014.11.15"]
[Round "1.65"]
[White "Willetts, Stephen"]
[Black "Myall, Ivan"]
[Result "0-1"]
[WhiteElo "2030"]
[BlackElo "2048"]
[PlyCount "112"]
[EventDate "2014.11.15"]

1. d4 Nf6 2. c4 e6 3. Nc3 Bb4 4. e3 O-O 5. a3 Bxc3+ 6. bxc3 b6 7. Nf3 Bb7 8.
Bd3 Ne4 9. Bxe4 Bxe4 10. O-O d6 11. Qe2 Nd7 12. Rd1 f5 13. a4 Qe8 14. a5 Qh5
15. Rd2 Rf6 16. Ne1 Qh4 17. f3 Bc6 18. Qf2 Qxf2+ 19. Kxf2 bxa5 20. Rxa5 Nb6 21.
Rda2 Nxc4 22. Rxa7 Rff8 23. Nd3 Rxa7 24. Rxa7 Rc8 25. Nb4 Bd5 26. Na6 c5 27.
dxc5 dxc5 28. Ke2 Ne5 29. Kd2 Bc4 30. Nc7 Rd8+ 31. Kc2 Bd3+ 32. Kb3 Rb8+ 33.
Ka2 Bc4+ 34. Ka1 Nd3 35. Ba3 Ne1 36. Bb2 Nc2+ 37. Kb1 Nxe3 38. Ra8 Rxa8 39.
Nxa8 Bd5 40. Nb6 c4 41. Nxd5 Nxd5 42. Ka2 e5 43. Kb1 Kf7 44. g3 e4 45. fxe4
fxe4 46. Kc1 Ke6 47. Kd2 Kf5 48. h3 e3+ 49. Ke2 Ke4 50. h4 h5 51. Ba1 Ne7 52.
Bb2 Nf5 53. Ba3 Nxg3+ 54. Ke1 Kd3 55. Bd6 Nf5 56. Be5 Nxh4 0-1

[Event "4NCL Division 3s"]
[Site "Daventry Court ENG"]
[Date "2014.11.15"]
[Round "1.66"]
[White "Lemoir, David"]
[Black "Price, Andrew"]
[Result "1-0"]
[WhiteElo "2113"]
[BlackElo "1830"]
[PlyCount "103"]
[EventDate "2014.11.15"]

1. e4 e6 2. d3 c5 3. g3 Nc6 4. Bg2 Nf6 5. Nf3 Be7 6. O-O O-O 7. Qe2 d5 8. e5
Nd7 9. c4 dxc4 10. dxc4 Qc7 11. Bf4 b6 12. Nc3 a6 13. Nd5 Qd8 14. Nxe7+ Nxe7
15. Ng5 Ra7 16. Qh5 h6 17. Ne4 Nf5 18. Rad1 Qe7 19. Bh3 g6 20. Qe2 Kh7 21. Nd6
Bb7 22. Nxb7 Rxb7 23. Bg2 Rc7 24. Rd3 Nb8 25. g4 Nd4 26. Qe4 Kg7 27. Rh3 Rh8
28. Qe3 g5 29. Bg3 Nbc6 30. f4 Rcc8 31. fxg5 hxg5 32. Rxh8 Rxh8 33. Rf6 Rh6 34.
Qxg5+ Rg6 35. Rxg6+ fxg6 36. Qxe7+ Nxe7 37. Kf2 Kf7 38. h4 Ng8 39. Bf4 Kg7 40.
Ke3 Nh6 41. Bh3 Ng8 42. Ke4 Kf7 43. b4 Nc2 44. bxc5 bxc5 45. Bd2 Ne7 46. Ba5
Nc8 47. Bf1 Nd4 48. Bd3 Ke7 49. Kf4 Kf7 50. Bc7 Nc6 51. Kg5 N6e7 52. Bd6 1-0

[Event "4NCL Division 3s"]
[Site "Daventry Court ENG"]
[Date "2014.11.15"]
[Round "1.68"]
[White "Cook, Michael"]
[Black "Rowan, Daniel"]
[Result "0-1"]
[WhiteElo "2018"]
[BlackElo "1720"]
[PlyCount "98"]
[EventDate "2014.11.15"]

1. d4 d5 2. Nf3 c5 3. e3 Nf6 4. Be2 Nc6 5. O-O e6 6. b3 Be7 7. Bb2 O-O 8. dxc5
Bxc5 9. c4 dxc4 10. Bxc4 a6 11. Nc3 b5 12. Bd3 Nb4 13. Bb1 Qxd1 14. Rxd1 Bb7
15. a3 Nbd5 16. Ne4 Be7 17. Bd3 Rac8 18. Rac1 Rfd8 19. Nxf6+ Bxf6 20. Bxf6 Nxf6
21. Nd4 Rxc1 22. Rxc1 e5 23. Rc7 Bxg2 24. Nxb5 Bh3 25. Be2 axb5 26. f3 Rd2 27.
Kf2 Kf8 28. Rb7 e4 29. Ke1 Ra2 30. Rxb5 Rxa3 31. Rb4 exf3 32. Bxf3 Be6 33. Rb8+
Ke7 34. Rb7+ Nd7 35. Bd1 Ra2 36. Be2 Rb2 37. b4 Kd6 38. b5 Rb1+ 39. Kf2 Rh1 40.
Kg3 Rg1+ 41. Kf2 Rg2+ 42. Ke1 Rxh2 43. Ra7 Rh1+ 44. Kd2 Rb1 45. Ra6+ Kc7 46.
Rc6+ Kb8 47. Bd3 Rb4 48. Kc3 Rb3+ 49. Kd4 Rxd3+ 0-1

[Event "4NCL Division 3s"]
[Site "Daventry Court ENG"]
[Date "2014.11.15"]
[Round "1.69"]
[White "Martin, Nick J"]
[Black "Lamont, Richard"]
[Result "1-0"]
[WhiteElo "1713"]
[BlackElo "1951"]
[PlyCount "87"]
[EventDate "2014.11.15"]

1. e4 c5 2. Nc3 g6 3. f4 Bg7 4. Nf3 Nc6 5. Bc4 a6 6. d3 e6 7. O-O Qc7 8. f5 b5
9. Bb3 Nd4 10. Nxd4 Bxd4+ 11. Kh1 Be5 12. fxe6 dxe6 13. a4 b4 14. Nd5 exd5 15.
Bxd5 Ra7 16. Rxf7 Qb6 17. a5 Qb8 18. Qf3 Ne7 19. Bb3 Nc6 20. Be3 Qd6 21. Rf1
Bd7 22. Ba4 Nd4 23. Bxd4 cxd4 24. c3 bxc3 25. bxc3 Rc7 26. cxd4 Bxa4 27. dxe5
Qxe5 28. d4 Qxa5 29. d5 Qc5 30. h3 Bb5 31. Qf6 Rxf7 32. Qxf7+ Kd8 33. Qf6+ Kc7
34. d6+ Qxd6 35. Rc1+ Bc6 36. Qxh8 h5 37. e5 Qd2 38. Qg7+ Kb6 39. Rb1+ Kc5 40.
Qxg6 a5 41. e6 a4 42. Qxh5+ Kc4 43. Qg4+ Kc5 44. e7 1-0

[Event "4NCL Division 3s"]
[Site "Daventry Court ENG"]
[Date "2014.11.15"]
[Round "1.76"]
[White "Davies, Matthew"]
[Black "Barnes, Michael H"]
[Result "0-1"]
[WhiteElo "1936"]
[BlackElo "2204"]
[PlyCount "124"]
[EventDate "2014.11.15"]

1. d4 d5 2. c4 c6 3. Nf3 e6 4. Nc3 dxc4 5. e4 b5 6. a4 Bb4 7. Bd2 Nf6 8. axb5
Bxc3 9. bxc3 cxb5 10. Qb1 a6 11. Bf4 Bb7 12. Nd2 Bc6 13. Be2 h5 14. O-O Nbd7
15. Bg5 Qc7 16. f4 Qb7 17. Bf3 Nb6 18. Qe1 Kf8 19. Bxf6 gxf6 20. Qh4 Rh6 21. f5
e5 22. dxe5 Qe7 23. exf6 Qxf6 24. Qxf6 Rxf6 25. Bxh5 Rd6 26. Rf2 Na4 27. e5 Rd3
28. Nb1 Nc5 29. e6 fxe6 30. fxe6+ Ke7 31. Raa2 Rad8 32. Rf7+ Kxe6 33. Raf2 Ne4
34. R2f4 Re3 35. h3 Re1+ 36. Rf1 Rxf1+ 37. Rxf1 Ng3 38. Bg4+ Ke5 39. Re1+ Kf4
40. Re6 Be4 41. Na3 Rd2 42. Bf3 Bxf3 43. Rf6+ Nf5 44. gxf3 Ra2 45. Rxa6 Kxf3
46. Rf6 Rxa3 47. Rxf5+ Ke4 48. Rxb5 Rxc3 49. h4 Rb3 50. Rc5 Kd4 51. Rc8 Rh3 52.
Kf2 Kd3 53. Rd8+ Kc3 54. Ke1 Rxh4 55. Rb8 Kc2 56. Ke2 Re4+ 57. Kf3 Re7 58. Rb6
c3 59. Rb8 Kd2 60. Rd8+ Kc1 61. Rb8 c2 62. Kf2 Re5 0-1

[Event "4NCL Division 3s"]
[Site "Daventry Court ENG"]
[Date "2014.11.15"]
[Round "1.77"]
[White "Ross, Chris N"]
[Black "Staniforth, Matthew"]
[Result "1-0"]
[WhiteElo "2189"]
[BlackElo "1894"]
[PlyCount "81"]
[EventDate "2014.11.15"]

1. e4 e5 2. Nf3 Nc6 3. d4 exd4 4. Nxd4 Qh4 5. Nb5 Qxe4+ 6. Be2 Bb4+ 7. N1c3
Bxc3+ 8. bxc3 Kd8 9. O-O Nf6 10. Bf3 Qc4 11. Nd4 Nxd4 12. cxd4 d5 13. Bg5 Be6
14. Rb1 Rb8 15. Qd2 h6 16. Bxf6+ gxf6 17. Rb4 Qc6 18. c4 Qd6 19. Rfb1 b6 20. c5
Qd7 21. Qf4 Ke7 22. a4 h5 23. a5 b5 24. c6 Qd6 25. Qxd6+ Kxd6 26. Rxb5 Rxb5 27.
Rxb5 Kxc6 28. Be2 Re8 29. Kf1 h4 30. Rc5+ Kd6 31. Bb5 Bd7 32. Bxd7 Kxd7 33.
Rxd5+ Ke6 34. Rb5 Rd8 35. Rb7 a6 36. Rxc7 Rxd4 37. Rc6+ Rd6 38. Rxd6+ Kxd6 39.
Ke2 Kc5 40. h3 Kb5 41. g3 1-0

[Event "4NCL Division 3s"]
[Site "Daventry Court ENG"]
[Date "2014.11.15"]
[Round "1.78"]
[White "Parry, Matthew"]
[Black "Taylor, Adam A"]
[Result "1/2-1/2"]
[WhiteElo "1808"]
[BlackElo "2103"]
[PlyCount "63"]
[EventDate "2014.11.15"]

1. d4 Nf6 2. Nf3 e6 3. e3 b6 4. Bd3 Bb7 5. Nbd2 d5 6. Ne5 Nbd7 7. Nxd7 Qxd7 8.
Nf3 Bd6 9. Ne5 Bxe5 10. dxe5 Ne4 11. Bxe4 dxe4 12. Qxd7+ Kxd7 13. Bd2 Rhd8 14.
c4 a5 15. a4 Kc6 16. O-O-O Kc5 17. b3 Rd3 18. Kc2 Rad8 19. Bc3 g6 20. Rd2 h5
21. Rhd1 h4 22. g3 Bc6 23. Kb2 h3 24. Bd4+ R8xd4 25. exd4+ Kxd4 26. Kc2 Rxd2+
27. Kxd2 g5 28. Re1 Kxe5 29. f4+ gxf4 30. gxf4+ Kd4 31. Re3 e5 32. fxe5 1/2-1/2

[Event "4NCL Division 3s"]
[Site "Daventry Court ENG"]
[Date "2014.11.15"]
[Round "1.85"]
[White "Truran, Mike"]
[Black "Stewart, Joseph"]
[Result "1/2-1/2"]
[WhiteElo "2191"]
[BlackElo "2200"]
[PlyCount "77"]
[EventDate "2014.11.15"]

1. d4 g6 2. c4 Bg7 3. Nc3 d6 4. d5 e5 5. e4 Ne7 6. g4 h6 7. Be3 Nd7 8. Bd3 Nf6
9. f3 h5 10. g5 Nd7 11. h4 O-O 12. Qd2 a6 13. Nge2 Kh7 14. O-O Ng8 15. b4 b6
16. Rab1 Qe7 17. Nc1 f6 18. Nb3 fxg5 19. hxg5 Rf4 20. Qg2 Rf7 21. Na4 Nf8 22.
c5 dxc5 23. bxc5 b5 24. Nc3 Kh8 25. Na5 Nd7 26. Nb3 Nf8 27. c6 Nh7 28. Kf2 Qd8
29. a4 b4 30. Na2 a5 31. Bc4 Rf8 32. Rg1 Ne7 33. Rbd1 Ng8 34. Nac1 Bg4 35. Ke2
Bxf3+ 36. Qxf3 Rxf3 37. Kxf3 Ne7 38. Nc5 Nc8 39. Ne6 1/2-1/2

[Event "4NCL Division 3s"]
[Site "Daventry Court ENG"]
[Date "2014.11.15"]
[Round "1.86"]
[White "Edgell, Ben"]
[Black "McLaren, Charlie"]
[Result "1-0"]
[WhiteElo "2112"]
[BlackElo "1690"]
[PlyCount "83"]
[EventDate "2014.11.15"]

1. d4 Nf6 2. Bg5 e6 3. c3 b6 4. e4 Be7 5. Bxf6 Bxf6 6. f4 Bb7 7. Nd2 O-O 8.
Ngf3 d6 9. Bd3 Nd7 10. O-O c5 11. Qe2 h6 12. e5 Be7 13. Ne4 d5 14. Nf2 c4 15.
Bb1 b5 16. Qc2 g6 17. g4 Re8 18. f5 exf5 19. gxf5 Nf8 20. f6 Bxf6 21. exf6 Qxf6
22. Ng4 Qg7 23. Qd2 h5 24. Ne3 Ne6 25. Ng2 Re7 26. Bc2 Rae8 27. Rf2 Nf8 28. Kh1
Nd7 29. Raf1 f5 30. Nf4 Nf6 31. Ne5 Ne4 32. Bxe4 dxe4 33. Qe3 g5 34. Nxh5 Qh6
35. Rxf5 Kh8 36. Nf7+ Rxf7 37. Rxf7 Bd5 38. R7f5 Ba8 39. Ng3 Bb7 40. Kg1 Re7
41. Rf8+ Kh7 42. R8f7+ 1-0

[Event "4NCL Division 3s"]
[Site "Daventry Court ENG"]
[Date "2014.11.15"]
[Round "1.87"]
[White "Asenov, Pavel"]
[Black "Villiers, Thomas"]
[Result "0-1"]
[WhiteElo "1881"]
[BlackElo "2053"]
[PlyCount "88"]
[EventDate "2014.11.15"]

1. d4 d5 2. c4 e6 3. Nc3 Nf6 4. cxd5 exd5 5. Bg5 Be7 6. e3 O-O 7. Bd3 c6 8. Qc2
Nbd7 9. Nge2 h6 10. Bh4 Re8 11. f3 c5 12. O-O Nf8 13. Rad1 c4 14. Bf5 Bxf5 15.
Qxf5 g6 16. Qc2 Ne6 17. e4 dxe4 18. fxe4 Ng4 19. Bxe7 Qxe7 20. Nd5 Qd6 21. Nf6+
Nxf6 22. Rxf6 Nxd4 23. Rxd6 Nxc2 24. Nc3 Ne3 25. R1d4 a6 26. a4 b5 27. axb5
axb5 28. Nxb5 Rab8 29. Kf2 Rxb5 30. Kxe3 Rxb2 31. Rxc4 Rxg2 32. Rd2 Rxd2 33.
Kxd2 Kg7 34. Ke3 f5 35. Kf4 Rxe4+ 36. Rxe4 fxe4 37. Kxe4 Kf6 38. h4 Ke6 39. Kf4
Kd5 40. Ke3 Ke5 41. Kf3 Kf5 42. Kg3 Ke4 43. Kg4 h5+ 44. Kg3 Ke3 0-1

[Event "4NCL Division 3s"]
[Site "Daventry Court ENG"]
[Date "2014.11.15"]
[Round "1.88"]
[White "Bullen, Alex"]
[Black "Holton, Jake"]
[Result "1-0"]
[WhiteElo "2021"]
[BlackElo "1534"]
[PlyCount "53"]
[EventDate "2014.11.15"]

1. e4 e5 2. Bc4 Nf6 3. d3 Bc5 4. Nc3 c6 5. Nf3 d6 6. h3 O-O 7. O-O Re8 8. Bg5
Nbd7 9. d4 exd4 10. Nxd4 Ne5 11. Be2 h6 12. Be3 Ng6 13. Qd3 Qe7 14. f3 d5 15.
Kh1 dxe4 16. Nxe4 Nxe4 17. fxe4 Qxe4 18. Qb3 Re7 19. Nf5 Bxe3 20. Nxe7+ Qxe7
21. Rxf7 Be6 22. Rxe7 Bxb3 23. Rxe3 Bxc2 24. Bc4+ Kh8 25. Rae1 b5 26. Re8+ Rxe8
27. Rxe8+ 1-0

[Event "4NCL Division 3s"]
[Site "Daventry Court ENG"]
[Date "2014.11.15"]
[Round "1.89"]
[White "Gentry, Alan"]
[Black "Hassall, Mark"]
[Result "1-0"]
[WhiteElo "1793"]
[BlackElo "1956"]
[PlyCount "83"]
[EventDate "2014.11.15"]

1. d4 e6 2. c4 b6 3. Nc3 Bb4 4. Nf3 Bb7 5. g3 f5 6. Bg2 Nf6 7. O-O O-O 8. Bg5
Bxc3 9. bxc3 h6 10. Bxf6 Qxf6 11. d5 e5 12. e4 f4 13. Nh4 Na6 14. Bh3 Nc5 15.
Bf5 Ba6 16. Qe2 f3 17. Qxf3 Bxc4 18. Rfd1 g5 19. Ng6 Rf7 20. h4 Rc8 21. Rd2 Rg7
22. Qh5 gxh4 23. Nxh4 Rf8 24. Ng6 Rff7 25. Nxe5 Rg5 26. Qxf7+ Qxf7 27. Nxf7
Kxf7 28. Kg2 d6 29. f3 Nd3 30. Rad1 Nf4+ 31. Kf2 Nh5 32. Bg4 Nf6 33. Be6+ Ke7
34. Rd4 b5 35. a4 a6 36. axb5 axb5 37. Rh1 h5 38. Rh4 c5 39. Rd1 Rg7 40. Ra1
Rg6 41. Ra7+ Kd8 42. Rf4 1-0

[Event "4NCL Division 3s"]
[Site "Daventry Court ENG"]
[Date "2014.11.15"]
[Round "1.90"]
[White "Taylor, Will"]
[Black "McLaren, Thomas"]
[Result "1-0"]
[WhiteElo "1998"]
[BlackElo "1465"]
[PlyCount "45"]
[EventDate "2014.11.15"]

1. e4 e6 2. d4 d5 3. Nd2 Nf6 4. e5 Nfd7 5. c3 c5 6. Bd3 Nc6 7. Ne2 cxd4 8. cxd4
a5 9. O-O a4 10. f4 g6 11. Nf3 Nb6 12. Nc3 Bd7 13. Be3 Na5 14. Bf2 Nac4 15. Qe2
Bh6 16. Bh4 Qc7 17. Bf6 O-O 18. Ng5 Bg7 19. Nxh7 Kxh7 20. Qh5+ Kg8 21. Qh4 Be8
22. Rf3 Nd7 23. Rh3 1-0

[Event "4NCL Division 3s"]
[Site "Daventry Court ENG"]
[Date "2014.11.15"]
[Round "1.95"]
[White "Hall, John"]
[Black "Payne, Matthew J"]
[Result "1/2-1/2"]
[WhiteElo "2264"]
[BlackElo "1962"]
[PlyCount "57"]
[EventDate "2014.11.15"]

1. e4 e6 2. d4 d5 3. Nc3 Nc6 4. Nf3 Nf6 5. e5 Ne4 6. Bd3 f5 7. exf6 Nxf6 8. Bf4
Bb4 9. O-O O-O 10. Be5 Nxe5 11. Nxe5 c5 12. a3 cxd4 13. axb4 dxc3 14. bxc3 Qc7
15. Qe1 Nd7 16. f4 Nxe5 17. Qxe5 Rf7 18. Qd4 b6 19. Rae1 Bd7 20. f5 Re8 21.
fxe6 Bxe6 22. Rf5 Rxf5 23. Bxf5 Qf7 24. Bd3 Qf6 25. Re5 Qf7 26. Bb5 Rc8 27. Qe3
Bf5 28. Bc6 Be4 29. Bb5 1/2-1/2

[Event "4NCL Division 3s"]
[Site "Daventry Court ENG"]
[Date "2014.11.15"]
[Round "1.96"]
[White "Higgs, Anthony RJ"]
[Black "Deighton, Simon"]
[Result "1/2-1/2"]
[WhiteElo "1971"]
[BlackElo "2029"]
[PlyCount "48"]
[EventDate "2014.11.15"]

1. d4 Nf6 2. c4 g6 3. Nc3 Bg7 4. e4 d6 5. f3 O-O 6. Be3 c5 7. Nge2 Qa5 8. Qd2
Nc6 9. d5 Ne5 10. b3 a6 11. Rc1 b5 12. Ng3 Rb8 13. Nd1 Qxd2+ 14. Bxd2 bxc4 15.
Bxc4 Nxc4 16. Rxc4 Bd7 17. Rc2 Rfc8 18. Ne3 Ne8 19. O-O Nc7 20. Nc4 Nb5 21. Ne2
Nd4 22. Nxd4 Bxd4+ 23. Kh1 Bb5 24. Re1 Kg7 1/2-1/2

[Event "4NCL Division 3s"]
[Site "Daventry Court ENG"]
[Date "2014.11.15"]
[Round "1.97"]
[White "Mossong, Hubert"]
[Black "Twigge-Molecey, Billy"]
[Result "1-0"]
[WhiteElo "2094"]
[BlackElo "1877"]
[PlyCount "77"]
[EventDate "2014.11.15"]

1. e4 e5 2. Nf3 Nc6 3. Bb5 g6 4. Nc3 Bg7 5. d3 d6 6. Be3 Bd7 7. d4 Nf6 8. h3 a6
9. Bxc6 Bxc6 10. d5 Bd7 11. Qd2 b5 12. a3 a5 13. O-O O-O 14. b4 Nh5 15. Nh2 f5
16. f3 Ng3 17. Rfe1 Qh4 18. Bf2 f4 19. Nf1 g5 20. Reb1 a4 21. Qe1 Qh5 22. Bxg3
fxg3 23. Qxg3 Qg6 24. Ne3 h5 25. Rf1 Bh6 26. Qe1 Rf6 27. g4 Rb8 28. Nf5 Bxf5
29. exf5 Qe8 30. Qd2 hxg4 31. hxg4 Rf7 32. Kg2 Qd8 33. Rh1 Rh7 34. Rh5 Bg7 35.
Rah1 Rxh5 36. Rxh5 Kf7 37. Ne4 Bf6 38. Rh7+ Kg8 39. Rh6 1-0